000 00965caa a2200325Ma 4500
001 88452
005 20230411090046.0
008 900705s1991 ve 000 0 spa d
035 _a(OCoLC)ocn318354392
040 _aZZAND
_bspa
_cZZAND
020 _a9800104895
020 _a9789800104897
035 _a(OCoLC)318354392
041 1 _aspa
_heng
082 0 4 _a801.951
_bB455
_bZ263
_218 ed.
049 _aGRAL
100 1 _aBloom, Harold,
_d1930-
245 1 3 _aLa angustia de las influencias
_c/ Harold Bloom ; traducción: Francisco Rivera.
260 _aCaracas :
_bMonte Avila Editores,
_c1991.
300 _a183 p. ;
_c20 cm.
440 0 _aColección estudios
500 _a2a. reimpresión (1991), como 2a. ed.
534 _tThe anxiety of influence.
650 1 7 _aPoesía
_xHistoria y crâitica.
650 1 7 _aPoética.
942 _2lcc
_cbk
994 _aC0
_bDRFGD
946 _alrm
999 _c111759
_d111759